Länder mit den höchsten eintägigen Covid-19-Daten - Statistiken

Allgemein
  • Dieses Quiz wurde 34 mal gespielt
  • Das Durchschnittsergebnis liegt bei 14 aus 21
Antwortstatistiken
Land % Korrekt
Vereinigte Staaten
100%
Brasilien
93%
Deutschland
93%
Italien
93%
Russland
93%
Spanien
90%
Vereinigtes Königreich
90%
Frankreich
87%
Mexiko
87%
Kanada
80%
Indien
73%
Türkei
67%
Schweden
57%
Iran
53%
Belgien
50%
Chile
37%
Pakistan
37%
Peru
37%
Saudi-Arabien
27%
Bangladesch
23%
Katar
13%
Keine übereinstimmenden Quizze gefunden
Verteilung der Resultate
Anzahl Personen mit jedem Resultat
Perzentil nach korrekt beantworteten Fragen
Ihre Resultats-Entwicklung
Sie haben dieses Quiz noch nicht gespielt